ბათუმის შოთა რუსთაველის სახელმწიფო უნივერსიტეტის ბიბლიოთეკა

მეთოდური მითითებები სამშენებლო წარმოების ორგანიზაციის დაგეგმვისა და მართვის კურსის პრაქტიკული მეცადინეობების ჩასატარებლად / (ბიბ.ჩანაწერი № 39216)

000 -ლიდერი
ფიქსირებული სიგრძის საკონტროლო ველი 01420nam a2200241Ia 4500
001 - საკონტროლო ნომერი
საკონტროლო ველი 5802
003 - საკონტროლო ნომრის იდენტიფიკატორი
საკონტროლო ველი GE_BSU
005 - ბოლო ოპერაციის თარიღი და დრო
საკონტროლო ველი 20190617145603.0
008 - ფიქსირებული სიგრძის მონაცემთა ელემენტები - ზოგადი ინფორმაცია
ფიქსირებული სიგრძის საკონტროლო ველი 181216s1986||||ge |||||||||||||| ||geo||
040 ## - კატალოგიზაციის წყარო
Transcribing agency GE_BSU
041 ## - ენის კოდი
Language code of text/sound track or separate title geo
080 ## - უნივერსალური ათობითი კლასიფიკაციის ინდექსი
Universal Decimal Classification number 69 : 658.5(073) მ-50
245 ## - ცნობა სათაურის შესახებ
Title მეთოდური მითითებები სამშენებლო წარმოების ორგანიზაციის დაგეგმვისა და მართვის კურსის პრაქტიკული მეცადინეობების ჩასატარებლად /
Statement of responsibility, etc შემდგ. ა. ჭანტურია, რ. მახვილაძე და სხვ. ; პ/რედ. შ. სირაძე
264 ## - წარმოების, გამოცემის, დისტრიბუციის და სხვა ცნობები
გამოცემის, წარმოების, დისტრიბუციის... ადგილი თბილისი :
გამოცემის, წარმოების, დისტრიბუციის... სახელწოდება სპი,
გამოცემის, წარმოების, დისტრიბუციის... თარიღი 1986.
300 ## - ფიზიკური აღწერა
Extent 64 გვ. ;
Dimensions 20 სმ.
504 ## - BIBLIOGRAPHY, ETC. NOTE
Bibliography, etc ბიბლიოგრ. : გვ.62.
653 ## - INDEX TERM--UNCONTROLLED
Uncontrolled term სამშენებლო წარმოების ორგანიზაციის დაგეგმვა და მართვა
653 ## - INDEX TERM--UNCONTROLLED
Uncontrolled term სამშენებლო წარმოება
700 ## - ADDED ENTRY--PERSONAL NAME
Personal name ჭანტურია, ა.
Relator term შემდგენელი
9 (RLIN) 818
700 ## - ADDED ENTRY--PERSONAL NAME
Personal name მახვილაძე, რ.
Relator term შემდგენელი
9 (RLIN) 2517
700 ## - ADDED ENTRY--PERSONAL NAME
Personal name სირაძე, შ.
Relator term რედაქტორი
9 (RLIN) 839
942 ## - ADDED ENTRY ELEMENTS (KOHA)
Koha item type წიგნი
Source of classification or shelving scheme
ეგზემპლარები
ჩამოწერის სტატუსი დაკარგული ეგზემპლარის სტატუსი კლასიფიკაციის წყარო ან თაროზე გაწყობის სქემა დაზიანების სტატუსი არ გაიცემა მუდმივი მდებარეობა (დაცვის ადგილი) ამჟამინდელი ადგილსამყოფელი თაროზე განთავსების ადგილი შეძენის თარიღი ღირებულება, შესყიდვის ნორმალური ფასი სრული შენახვის შიფრი შტრიხკოდი ბოლო ოპერაციის თარიღი ეგზემპლარის მიმდევრობითი ნომერი (კეტერი?) ფასის ძალაში შესვლის თარიღი ეგზემპლარის სახეობა საჯარო შენიშვნა
          ტექნოლოგიური ფაკულტეტის ბიბლიოთეკა ტექნოლოგიური ფაკულტეტის ბიბლიოთეკა წიგნსაცავი 2018-12-17 0.16 69 : 658.5(073) მ-50 12272 2018-12-17 12272 2018-12-17 წიგნი 0.16 ლ.
          ტექნოლოგიური ფაკულტეტის ბიბლიოთეკა ტექნოლოგიური ფაკულტეტის ბიბლიოთეკა წიგნსაცავი 2018-12-17 0.16 69 : 658.5(073) მ-50 12273 2018-12-17 12273 2018-12-17 წიგნი 0.16 ლ.
          ტექნოლოგიური ფაკულტეტის ბიბლიოთეკა ტექნოლოგიური ფაკულტეტის ბიბლიოთეკა წიგნსაცავი 2018-12-17 0.16 69 : 658.5(073) მ-50 12274 2018-12-17 12274 2018-12-17 წიგნი 0.16 ლ.